00386nam a22001457a 4500003000400000008004100004082001900045100002500064245005400089260004400143300000900187502001500196650002000211650000900231OSt260416b |||||||| |||| 00| 0 eng d a581.2326bA99I aAzad, Chandrashekhar aInvestigations on Fruit Rot on Banana (Musa spp.) aPusa, SamastipurbRAU, Samastipurc2005 a52P. bMsc.d2005 aPlant Pathology aMsc.